000 01028nam a2200229Ia 4500
003 OSt
005 20200917190405.0
008 191128s2006 ck gr 000 0 spa d
040 _aCO-JMCR
_cCO-JMCR
041 0 _aspa
082 0 4 _a808.06615 /
_bO84c
_223
100 1 _aOssa Parra, Marcela,
_ecompiladora
_910445
245 1 0 _aCartilla de citas :
_bpautas para citar textos y hacer listas de referencias /
_cMarcela Ossa Parra Compiladora
260 _aBogotá :
_bUniversidad de los Andes,
_c2006
300 _axvi, 90 páginas ;
_c23 cm.
504 _aBibliografía: páginas 89-90
505 0 _a¿Por qué documentar los trabajos universitarios? -- Pautas generales para documentar los trabajos -- Instituto Colombiano de Normas técnicas y certificación Icontec -- Asociación Americana de Psicología APA -- Asociación de Lenguas Modernas MLA -- IEEE
650 1 4 _aArte de escribir
_xmanuales
_910446
650 1 4 _aOrtografía
_xmanuales
_910447
650 1 4 _aEstilo literario
_xmanuales
_910448
942 _2ddc
_cBK
999 _c4214
_d4214